GHRA VIGYAN SHIKSHAN (Record no. 49918)
[ view plain ]
| 000 -LEADER | |
|---|---|
| fixed length control field | nam a22 7a 4500 |
| 003 - CONTROL NUMBER IDENTIFIER | |
| control field | OSt |
| 005 - DATE AND TIME OF LATEST TRANSACTION | |
| control field | 20200319095048.0 |
| 008 - FIXED-LENGTH DATA ELEMENTS--GENERAL INFORMATION | |
| fixed length control field | 200319b xxu||||| |||| 00| 0 eng d |
| 040 ## - CATALOGING SOURCE | |
| Transcribing agency | sero soft |
| 100 ## - MAIN ENTRY--PERSONAL NAME | |
| Personal name | SHARMA B.L. |
| 245 ## - TITLE STATEMENT | |
| Title | GHRA VIGYAN SHIKSHAN |
| 250 ## - EDITION STATEMENT | |
| Edition statement | NEW |
| 260 ## - PUBLICATION, DISTRIBUTION, ETC. | |
| Place of publication, distribution, etc. | MEERUT |
| Name of publisher, distributor, etc. | R.LALL |
| 300 ## - PHYSICAL DESCRIPTION | |
| Extent | 336 |
| 942 ## - ADDED ENTRY ELEMENTS (KOHA) | |
| Source of classification or shelving scheme | |
| Koha item type | Text-Book- for 7 days |
| Withdrawn status | Lost status | Source of classification or shelving scheme | Damaged status | Not for loan | Home library | Current library | Date acquired | Cost, normal purchase price | Inventory number | Total Checkouts | Barcode | Date last seen | Price effective from | Koha item type |
|---|---|---|---|---|---|---|---|---|---|---|---|---|---|---|
| PT. Deen Dayal Upadhyay Management College-Education | PT. Deen Dayal Upadhyay Management College-Education | 03/19/2020 | 150.00 | 74585 | 07-B-12812 | 03/19/2020 | 03/19/2020 | Text-Book- for 7 days | ||||||
| PT. Deen Dayal Upadhyay Management College-Education | PT. Deen Dayal Upadhyay Management College-Education | 03/19/2020 | 150.00 | 74585 | 07-B-12813 | 03/19/2020 | 03/19/2020 | Text-Book- for 7 days | ||||||
| PT. Deen Dayal Upadhyay Management College-Education | PT. Deen Dayal Upadhyay Management College-Education | 03/19/2020 | 150.00 | 74585 | 07-B-12814 | 03/19/2020 | 03/19/2020 | Text-Book- for 7 days |

